000 00771nam a2200181 i 4500
001 187930
003 ES-MaACL
005 20250727190112.0
008 180326s1930 sp |||| | spa d
100 1 _aWohlhaupter, Eugen.
_9164456
245 1 3 _aLa importancia de España en la historia de los derechos fundamentales :
_bconferencia pronunciada el día 26 de marzo de 1930 /
_cpor Eugen Wohlhaupter.
260 _aMadrid :
_b[s.n.],
_c1930 (
_fBlass tipogragía)
300 _a36 p. ;
_c23 cm.
490 1 _aConferencias dadas en el Centro de intercambio intelectual germano-español ;
_v28
830 0 0 _aConferencias dadas en el Centro de Intercambio Intelectual Germano-Español
_v28
_9192904
852 _aES-MaACL
_jC-8111(23)
999 _c187930
_d187930